[Event "DEM U14 2021"]
[Site "Willingen GER"]
[Date "2021.08.24"]
[Round "3"]
[White "Foerster-Yialamas, Lucas"]
[Black "Bakiev, Diyor"]
[Result "1/2-1/2"]
[Termination "normal"]
[Board "1"]
[WhiteTitle "CM"]
[WhiteElo "1881"]
[BlackElo "2119"]
[WhiteClock "00:52:23"]
[BlackClock "00:17:16"]
[PlyCount "112"]
[WhiteFideId "30901774"]
[BlackFideId "16241584"]
[EventCountry "GER"]
[EventRounds "9"]
[EventType "swiss"]
[EventDate "2021.08.22"]

1. e4 {[%clk 1:30:58]} g6 {[%clk 1:30:55]} 2. d4 {[%clk 1:31:20]} Bg7 {[%clk
1:31:22]} 3. Nc3 {[%clk 1:31:42]} c6 {[%clk 1:31:49]} 4. Be3 {[%clk 1:30:33]}
d5 {[%clk 1:31:53]} 5. e5 {[%clk 1:30:48]} f6 {[%clk 1:30:04]} 6. f4 {[%clk
1:28:31]} Nh6 {[%clk 1:26:45]} 7. Nf3 {[%clk 1:28:02]} Bg4 {[%clk 1:25:51]} 8.
Be2 {[%clk 1:27:16]} Nf5 {[%clk 1:23:36]} 9. Bf2 {[%clk 1:26:23]} Nd7 {[%clk
1:16:30]} 10. h3 {[%clk 1:23:12]} Bxf3 {[%clk 1:16:41]} 11. Bxf3 {[%clk
1:23:34]} fxe5 {[%clk 1:14:37]} 12. fxe5 {[%clk 1:23:51]} e6 {[%clk 1:13:51]}
13. Bg4 {[%clk 1:20:40]} O-O {[%clk 1:09:25]} 14. Bxf5 {[%clk 1:18:04]} Rxf5
{[%clk 1:08:40]} 15. g4 {[%clk 1:18:02]} Rxf2 16. Kxf2 {[%clk 1:18:22]} c5
{[%clk 0:49:38]} 17. Kg2 {[%clk 1:15:00]} cxd4 {[%clk 0:49:40]} 18. Qxd4 {[%clk
1:14:38]} Bxe5 {[%clk 0:45:25]} 19. Qd3 {[%clk 1:12:44]} Qg5 {[%clk 0:33:56]}
20. Nxd5 {[%clk 0:56:45]} exd5 {[%clk 0:27:25]} 21. Qxd5+ {[%clk 0:57:02]} Kh8
{[%clk 0:27:45]} 22. Rae1 {[%clk 0:50:53]} Rd8 {[%clk 0:25:37]} 23. Rhf1 Bf6
24. Qxg5 {[%clk 0:49:36]} Bxg5 {[%clk 0:19:54]} 25. Rd1 Kg7 {[%clk 0:19:10]}
26. Rd5 {[%clk 0:48:27]} Kh6 {[%clk 0:10:12]} 27. h4 {[%clk 0:45:24]} Bxh4
{[%clk 0:08:59]} 28. Rfd1 {[%clk 0:45:29]} Rf8 {[%clk 0:07:42]} 29. Rxd7 {[%clk
0:44:49]} Rf2+ {[%clk 0:08:07]} 30. Kg1 {[%clk 0:44:28]} Rxc2 {[%clk 0:07:33]}
31. Rxb7 {[%clk 0:44:51]} a5 {[%clk 0:06:40]} 32. Rd5 {[%clk 0:42:56]} a4
{[%clk 0:05:27]} 33. Rdd7 {[%clk 0:40:53]} Kg5 {[%clk 0:04:48]} 34. Rxh7 {[%clk
0:40:58]} Kxg4 {[%clk 0:04:35]} 35. Rb4+ {[%clk 0:41:20]} Kg3 {[%clk 0:04:35]}
36. Kf1 {[%clk 0:41:38]} g5 {[%clk 0:01:59]} 37. Rd7 {[%clk 0:37:57]} Rf2+
{[%clk 0:01:41]} 38. Ke1 {[%clk 0:37:51]} Rf3 {[%clk 0:01:47]} 39. Rd2 {[%clk
0:35:58]} Kh3+ {[%clk 0:01:46]} 40. Kd1 {[%clk 0:28:34]} g4 {[%clk 0:01:42]}
41. Rxa4 {[%clk 0:25:13]} g3 {[%clk 0:27:55]} 42. Re2 {[%clk 0:53:36]} Bf6
{[%clk 0:17:22]} 43. Ra3 {[%clk 0:47:20]} Rxa3 {[%clk 0:15:07]} 44. bxa3 {[%clk
0:47:44]} g2 {[%clk 0:15:22]} 45. Re1 {[%clk 0:48:05]} Bc3 {[%clk 0:14:36]} 46.
Rg1 {[%clk 0:48:34]} Bd4 {[%clk 0:14:49]} 47. Rxg2 {[%clk 0:49:00]} Kxg2 {[%clk
0:15:14]} 48. Ke2 {[%clk 0:49:26]} Ba7 {[%clk 0:14:43]} 49. Kd3 {[%clk
0:49:37]} Kf3 {[%clk 0:15:08]} 50. Kc4 {[%clk 0:49:59]} Ke4 {[%clk 0:15:34]}
51. Kb5 {[%clk 0:50:16]} Kd5 {[%clk 0:15:55]} 52. a4 {[%clk 0:50:43]} Kd6
{[%clk 0:15:57]} 53. Ka6 {[%clk 0:51:05]} Be3 {[%clk 0:16:08]} 54. Kb7 {[%clk
0:51:31]} Kc5 {[%clk 0:16:28]} 55. a5 {[%clk 0:51:58]} Kb5 {[%clk 0:16:50]} 56.
a6 {[%clk 0:52:23]} Ka4 {[%clk 0:17:16]} 1/2-1/2

[Event "DEM U14 2021"]
[Site "Willingen GER"]
[Date "2021.08.24"]
[Round "3"]
[White "Hänselmann, Hendrik"]
[Black "Hecht, Jonas Christian"]
[Result "1/2-1/2"]
[Termination "normal"]
[Board "2"]
[WhiteElo "1859"]
[BlackElo "1948"]
[WhiteClock "01:28:49"]
[BlackClock "01:26:30"]
[PlyCount "41"]
[WhiteFideId "16232755"]
[BlackFideId "16214846"]
[EventCountry "GER"]
[EventRounds "9"]
[EventType "swiss"]
[EventDate "2021.08.22"]

1. e4 {[%clk 1:30:59]} e5 {[%clk 1:30:55]} 2. Nf3 {[%clk 1:31:25]} Nc6 {[%clk
1:31:23]} 3. Nc3 {[%clk 1:31:50]} Nf6 {[%clk 1:31:50]} 4. a3 {[%clk 1:32:15]}
d5 {[%clk 1:30:09]} 5. Bb5 {[%clk 1:32:40]} Nxe4 {[%clk 1:29:20]} 6. Qe2 {[%clk
1:33:05]} Qd6 {[%clk 1:27:34]} 7. Nxe4 {[%clk 1:33:29]} dxe4 {[%clk 1:28:00]}
8. Qxe4 {[%clk 1:33:54]} Bd7 {[%clk 1:27:42]} 9. d4 {[%clk 1:33:54]} O-O-O
{[%clk 1:28:03]} 10. dxe5 {[%clk 1:33:26]} Nxe5 {[%clk 1:28:32]} 11. Bxd7+
{[%clk 1:33:45]} Qxd7 {[%clk 1:29:00]} 12. Be3 {[%clk 1:34:01]} Nxf3+ {[%clk
1:28:36]} 13. Qxf3 {[%clk 1:34:29]} Qd5 {[%clk 1:27:27]} 14. Qxd5 {[%clk
1:34:06]} Rxd5 {[%clk 1:27:48]} 15. Rd1 {[%clk 1:34:31]} Rxd1+ {[%clk 1:28:02]}
16. Kxd1 {[%clk 1:35:00]} Bd6 {[%clk 1:27:55]} 17. Kc1 {[%clk 1:33:52]} Re8
{[%clk 1:27:18]} 18. Rd1 {[%clk 1:32:38]} Re4 {[%clk 1:25:33]} 19. Rd4 {[%clk
1:30:47]} Rxd4 {[%clk 1:26:01]} 20. Bxd4 {[%clk 1:31:16]} g6 {[%clk 1:26:30]}
21. h3 {[%clk 1:28:49]} 1/2-1/2

[Event "DEM U14 2021"]
[Site "Willingen GER"]
[Date "2021.08.24"]
[Round "3"]
[White "Costa, Leonardo"]
[Black "Nitsche, Nikolai"]
[Result "1-0"]
[Termination "normal"]
[Board "3"]
[WhiteTitle "FM"]
[WhiteElo "2336"]
[BlackElo "1835"]
[WhiteClock "00:03:27"]
[BlackClock "00:09:24"]
[PlyCount "129"]
[WhiteFideId "16213955"]
[BlackFideId "16221036"]
[EventCountry "GER"]
[EventRounds "9"]
[EventType "swiss"]
[EventDate "2021.08.22"]

1. e4 {[%clk 1:30:58]} c6 {[%clk 1:30:46]} 2. d4 {[%clk 1:31:24]} d5 {[%clk
1:31:07]} 3. e5 {[%clk 1:31:47]} Bf5 {[%clk 1:31:27]} 4. Nd2 {[%clk 1:32:12]}
e6 {[%clk 1:31:24]} 5. Nb3 {[%clk 1:32:37]} Nd7 {[%clk 1:31:10]} 6. Nf3 {[%clk
1:33:01]} c5 {[%clk 1:31:22]} 7. dxc5 {[%clk 1:30:39]} Bxc5 {[%clk 1:30:15]} 8.
Nxc5 {[%clk 1:30:27]} Nxc5 {[%clk 1:30:35]} 9. Nd4 {[%clk 1:21:54]} Bg6 {[%clk
1:17:16]} 10. Be2 {[%clk 1:14:29]} Ne7 {[%clk 1:15:08]} 11. Be3 {[%clk
1:14:07]} Nd7 {[%clk 1:10:51]} 12. f4 {[%clk 1:13:53]} Nf5 {[%clk 1:10:57]} 13.
Nxf5 {[%clk 1:12:49]} Bxf5 {[%clk 1:11:15]} 14. O-O {[%clk 1:12:02]} Be4 {[%clk
1:06:46]} 15. c4 {[%clk 0:57:22]} O-O {[%clk 1:01:46]} 16. cxd5 {[%clk
0:47:57]} Bxd5 {[%clk 1:01:25]} 17. Qd2 {[%clk 0:48:06]} f6 {[%clk 0:53:56]}
18. exf6 {[%clk 0:46:47]} Nxf6 {[%clk 0:50:15]} 19. Bd4 {[%clk 0:45:38]} Qe7
{[%clk 0:33:56]} 20. Qe3 {[%clk 0:40:43]} b6 {[%clk 0:30:43]} 21. a3 {[%clk
0:39:48]} Rad8 {[%clk 0:29:58]} 22. Rfd1 {[%clk 0:34:59]} Qb7 {[%clk 0:28:11]}
23. Bf1 {[%clk 0:35:20]} Rd7 {[%clk 0:25:13]} 24. Rac1 {[%clk 0:28:29]} Rc8
{[%clk 0:24:05]} 25. Rxc8+ {[%clk 0:19:08]} Qxc8 {[%clk 0:24:26]} 26. Rc1
{[%clk 0:19:29]} Rc7 {[%clk 0:23:45]} 27. Rxc7 {[%clk 0:19:38]} Qxc7 {[%clk
0:24:12]} 28. Qe5 {[%clk 0:20:00]} Qb7 {[%clk 0:23:02]} 29. Qd6 {[%clk
0:19:32]} Kf7 {[%clk 0:18:39]} 30. Qd8 {[%clk 0:17:33]} Qe7 {[%clk 0:17:08]}
31. Qb8 {[%clk 0:17:04]} Ng4 {[%clk 0:15:08]} 32. h3 {[%clk 0:14:46]} Nf6
{[%clk 0:14:37]} 33. Qc8 {[%clk 0:12:22]} Ne8 {[%clk 0:12:38]} 34. Be5 {[%clk
0:10:04]} Qb7 {[%clk 0:11:23]} 35. Qxb7+ {[%clk 0:09:33]} Bxb7 {[%clk 0:11:52]}
36. Kf2 {[%clk 0:09:13]} Nf6 {[%clk 0:11:16]} 37. Bb8 {[%clk 0:09:06]} a6
{[%clk 0:11:38]} 38. Ke3 {[%clk 0:08:54]} Ke7 {[%clk 0:11:13]} 39. Be5 {[%clk
0:08:07]} g6 {[%clk 0:09:20]} 40. g4 {[%clk 0:05:28]} Nd7 {[%clk 0:07:14]} 41.
Bc7 {[%clk 0:03:10]} b5 {[%clk 0:06:19]} 42. Kd4 {[%clk 0:02:38]} Nf6 {[%clk
0:02:11]} 43. Ba5 {[%clk 0:01:23]} Bf3 {[%clk 0:00:56]} 44. Bb4+ {[%clk
0:24:07]} Kd7 {[%clk 0:31:03]} 45. Kc5 {[%clk 0:23:32]} Nd5 {[%clk 0:29:43]}
46. Bd2 {[%clk 0:23:57]} Kc7 {[%clk 0:29:09]} 47. Kd4 {[%clk 0:16:51]} Kd6
{[%clk 0:27:31]} 48. Bc1 {[%clk 0:17:06]} h5 {[%clk 0:23:07]} 49. gxh5 {[%clk
0:16:23]} gxh5 {[%clk 0:22:56]} 50. Bd2 {[%clk 0:15:51]} Bd1 {[%clk 0:18:00]}
51. Bg2 {[%clk 0:10:23]} Nb6 {[%clk 0:15:58]} 52. Bb4+ {[%clk 0:09:52]} Kd7
{[%clk 0:14:53]} 53. Bb7 {[%clk 0:09:52]} Be2 {[%clk 0:14:27]} 54. Bxa6 {[%clk
0:05:38]} Nd5 {[%clk 0:14:26]} 55. Bd2 {[%clk 0:04:26]} Kd6 {[%clk 0:10:46]}
56. b3 {[%clk 0:03:15]} Nc7 {[%clk 0:10:58]} 57. Bb7 {[%clk 0:03:24]} Bd1
{[%clk 0:11:18]} 58. Bb4+ {[%clk 0:03:13]} Kd7 {[%clk 0:11:33]} 59. Ke5 {[%clk
0:02:25]} Bxb3 {[%clk 0:11:37]} 60. Bf3 {[%clk 0:02:52]} h4 {[%clk 0:10:38]}
61. Be1 {[%clk 0:03:17]} Na6 {[%clk 0:10:48]} 62. Be2 {[%clk 0:03:06]} Kc6
{[%clk 0:10:49]} 63. Bxh4 {[%clk 0:03:32]} Nc5 {[%clk 0:10:44]} 64. Be1 {[%clk
0:03:27]} Nd7+ {[%clk 0:09:24]} 65. Kd4 1-0

[Event "DEM U14 2021"]
[Site "Willingen GER"]
[Date "2021.08.24"]
[Round "3"]
[White "Müller, Maximilian"]
[Black "Deuer, Marius"]
[Result "0-1"]
[Termination "normal"]
[Board "4"]
[BlackTitle "FM"]
[WhiteElo "1651"]
[BlackElo "2163"]
[WhiteClock "00:35:53"]
[BlackClock "00:13:16"]
[PlyCount "70"]
[WhiteFideId "16243552"]
[BlackFideId "16236432"]
[EventCountry "GER"]
[EventRounds "9"]
[EventType "swiss"]
[EventDate "2021.08.22"]

1. e4 {[%clk 1:30:59]} c5 {[%clk 1:30:50]} 2. Nf3 {[%clk 1:31:26]} e6 {[%clk
1:31:16]} 3. b3 {[%clk 1:31:53]} Nc6 {[%clk 1:16:41]} 4. Bb2 {[%clk 1:32:16]}
Nge7 {[%clk 1:16:44]} 5. Nc3 {[%clk 1:27:24]} d5 {[%clk 1:12:47]} 6. exd5
{[%clk 1:27:46]} exd5 {[%clk 1:12:02]} 7. d4 {[%clk 1:28:04]} g6 {[%clk
0:58:37]} 8. dxc5 {[%clk 1:15:32]} Bg7 {[%clk 0:58:52]} 9. Qd2 {[%clk 1:15:06]}
O-O {[%clk 0:51:30]} 10. O-O-O {[%clk 1:14:49]} Bf5 {[%clk 0:51:35]} 11. Na4
{[%clk 1:07:37]} Qc7 {[%clk 0:40:52]} 12. Bxg7 {[%clk 1:07:10]} Kxg7 {[%clk
0:41:20]} 13. Bd3 {[%clk 1:06:47]} Bg4 {[%clk 0:40:06]} 14. Qc3+ {[%clk
1:04:42]} d4 {[%clk 0:37:23]} 15. Qd2 {[%clk 1:03:14]} b6 {[%clk 0:34:41]} 16.
Rde1 {[%clk 1:00:46]} Rfd8 {[%clk 0:30:53]} 17. h4 {[%clk 0:58:31]} Bxf3 {[%clk
0:29:14]} 18. gxf3 {[%clk 0:58:58]} h5 {[%clk 0:29:43]} 19. Qg5 {[%clk
0:54:48]} bxc5 {[%clk 0:27:11]} 20. Qxc5 {[%clk 0:52:49]} Rd5 {[%clk 0:26:45]}
21. Qc4 {[%clk 0:51:38]} Qf4+ {[%clk 0:26:46]} 22. Kb1 {[%clk 0:52:05]} Ne5
{[%clk 0:17:53]} 23. Qc7 {[%clk 0:48:35]} N7c6 {[%clk 0:18:06]} 24. Be4 {[%clk
0:39:29]} Rd7 {[%clk 0:17:50]} 25. Qxd7 {[%clk 0:39:58]} Nxd7 {[%clk 0:17:48]}
26. Bxc6 {[%clk 0:40:26]} Rd8 {[%clk 0:18:15]} 27. Re7 {[%clk 0:36:19]} Ne5
{[%clk 0:16:37]} 28. Bb5 {[%clk 0:35:44]} d3 {[%clk 0:13:47]} 29. cxd3 {[%clk
0:35:59]} Qxf3 {[%clk 0:13:22]} 30. Rc1 {[%clk 0:35:14]} Nxd3 {[%clk 0:13:13]}
31. Bxd3 {[%clk 0:35:33]} Qxd3+ {[%clk 0:13:37]} 32. Kb2 {[%clk 0:35:39]} Qd4+
{[%clk 0:13:59]} 33. Kb1 {[%clk 0:35:56]} Qxf2 {[%clk 0:13:50]} 34. Nb2 {[%clk
0:35:53]} Rd2 {[%clk 0:12:57]} 35. Na4 {[%clk 0:35:53]} Qf5+ {[%clk 0:13:16]}
0-1

[Event "DEM U14 2021"]
[Site "Willingen GER"]
[Date "2021.08.24"]
[Round "3"]
[White "Hagner, Bennet"]
[Black "Stork, Christopher"]
[Result "1/2-1/2"]
[Termination "normal"]
[Board "5"]
[WhiteElo "2118"]
[BlackElo "1885"]
[WhiteClock "00:13:31"]
[BlackClock "00:21:28"]
[PlyCount "41"]
[WhiteFideId "16224477"]
[BlackFideId "16215400"]
[EventCountry "GER"]
[EventRounds "9"]
[EventType "swiss"]
[EventDate "2021.08.22"]

1. e4 {[%clk 1:30:55]} c5 {[%clk 1:30:54]} 2. Nf3 {[%clk 1:31:21]} a6 {[%clk
1:31:20]} 3. Nc3 {[%clk 1:31:48]} b5 {[%clk 1:31:20]} 4. d4 {[%clk 1:31:58]}
cxd4 {[%clk 1:31:38]} 5. Nxd4 {[%clk 1:32:26]} Bb7 {[%clk 1:31:30]} 6. Bd3
{[%clk 1:29:10]} e6 {[%clk 1:30:02]} 7. O-O {[%clk 1:27:33]} Nf6 {[%clk
1:28:43]} 8. a3 {[%clk 1:20:01]} Be7 {[%clk 1:25:52]} 9. Kh1 {[%clk 1:16:26]}
d6 {[%clk 1:18:49]} 10. f4 {[%clk 1:16:05]} Nbd7 {[%clk 1:17:32]} 11. Bd2
{[%clk 1:13:23]} Rc8 {[%clk 1:10:19]} 12. Qf3 {[%clk 1:08:45]} Nc5 {[%clk
1:00:00]} 13. Rae1 {[%clk 1:08:04]} Rc7 {[%clk 0:53:04]} 14. Qg3 {[%clk
0:59:38]} h5 {[%clk 0:42:23]} 15. Ncxb5 {[%clk 0:37:34]} axb5 {[%clk 0:36:10]}
16. Ba5 {[%clk 0:37:36]} h4 {[%clk 0:25:14]} 17. Qxg7 {[%clk 0:32:21]} Rh7
{[%clk 0:25:19]} 18. Qg5 {[%clk 0:25:03]} Rh5 {[%clk 0:25:38]} 19. Nxb5 {[%clk
0:18:42]} Na6 {[%clk 0:21:09]} 20. Qg7 {[%clk 0:13:31]} Rh7 {[%clk 0:21:28]}
21. Qg5 1/2-1/2

[Event "DEM U14 2021"]
[Site "Willingen GER"]
[Date "2021.08.24"]
[Round "3"]
[White "Ohler, Julius"]
[Black "Fuhrmann, Bahne"]
[Result "1-0"]
[Termination "normal"]
[Board "6"]
[WhiteElo "2014"]
[BlackElo "1796"]
[WhiteClock "00:20:05"]
[BlackClock "00:48:35"]
[PlyCount "65"]
[WhiteFideId "16238982"]
[BlackFideId "16244842"]
[EventCountry "GER"]
[EventRounds "9"]
[EventType "swiss"]
[EventDate "2021.08.22"]

1. d4 {[%clk 1:30:59]} Nf6 {[%clk 1:30:56]} 2. c4 {[%clk 1:31:22]} g6 {[%clk
1:31:17]} 3. Nc3 {[%clk 1:31:46]} Bg7 {[%clk 1:31:42]} 4. e4 {[%clk 1:32:10]}
d6 {[%clk 1:32:06]} 5. Nf3 {[%clk 1:32:35]} O-O {[%clk 1:32:28]} 6. Be2 {[%clk
1:33:00]} e5 7. d5 {[%clk 1:33:07]} a5 {[%clk 1:32:35]} 8. Bg5 {[%clk 1:33:01]}
h6 {[%clk 1:32:54]} 9. Bh4 {[%clk 1:30:40]} Na6 {[%clk 1:33:18]} 10. Nd2 {[%clk
1:30:05]} Bd7 {[%clk 1:33:04]} 11. O-O {[%clk 1:21:47]} Qe8 {[%clk 1:33:28]}
12. Rc1 {[%clk 1:11:46]} Nh7 {[%clk 1:32:02]} 13. Bg4 {[%clk 1:11:28]} Bxg4
{[%clk 1:29:29]} 14. Qxg4 {[%clk 1:11:34]} h5 {[%clk 1:29:53]} 15. Qg3 {[%clk
1:09:53]} f6 {[%clk 1:27:32]} 16. f4 {[%clk 1:09:28]} Bh6 {[%clk 1:26:25]} 17.
Qe1 {[%clk 1:06:31]} Bxf4 {[%clk 1:25:19]} 18. Bg3 {[%clk 1:05:55]} Bh6 {[%clk
1:24:57]} 19. Nb5 {[%clk 1:02:46]} Qd7 {[%clk 1:20:58]} 20. Rc3 {[%clk
1:00:01]} f5 {[%clk 1:16:57]} 21. exf5 {[%clk 0:54:41]} gxf5 {[%clk 1:17:02]}
22. Bh4 {[%clk 0:53:53]} Nf6 {[%clk 1:12:20]} 23. Rg3+ {[%clk 0:50:04]} Kh7
{[%clk 1:11:03]} 24. Bxf6 {[%clk 0:45:59]} Rxf6 {[%clk 1:11:24]} 25. Ne4 {[%clk
0:46:21]} Raf8 {[%clk 0:59:29]} 26. Nxf6+ {[%clk 0:45:03]} Rxf6 {[%clk
0:59:51]} 27. Rh3 {[%clk 0:37:32]} Nb4 {[%clk 0:53:07]} 28. Rxh5 {[%clk
0:31:15]} Nxd5 {[%clk 0:51:30]} 29. cxd5 {[%clk 0:29:05]} Qxb5 {[%clk 0:51:50]}
30. Qh4 {[%clk 0:29:15]} Kg7 {[%clk 0:49:50]} 31. Qh3 {[%clk 0:21:00]} Qe2
{[%clk 0:48:24]} 32. Rxh6 {[%clk 0:19:51]} Rxh6 {[%clk 0:48:35]} 33. Qxf5
{[%clk 0:20:05]} 1-0

[Event "DEM U14 2021"]
[Site "Willingen GER"]
[Date "2021.08.24"]
[Round "3"]
[White "Heinrich, John"]
[Black "Ehrig, Leon Chris"]
[Result "1-0"]
[Termination "normal"]
[Board "7"]
[WhiteElo "1911"]
[BlackElo "1671"]
[WhiteClock "00:24:44"]
[BlackClock "00:04:29"]
[PlyCount "92"]
[WhiteFideId "16259491"]
[BlackFideId "16244796"]
[EventCountry "GER"]
[EventRounds "9"]
[EventType "swiss"]
[EventDate "2021.08.22"]

1. e4 {[%clk 1:30:57]} c5 {[%clk 1:30:55]} 2. Nf3 {[%clk 1:31:22]} e6 {[%clk
1:31:21]} 3. d4 {[%clk 1:31:47]} cxd4 {[%clk 1:31:47]} 4. Nxd4 {[%clk 1:32:09]}
Nf6 {[%clk 1:32:12]} 5. Nc3 {[%clk 1:32:35]} Nc6 {[%clk 1:32:35]} 6. Ndb5
{[%clk 1:32:48]} d6 {[%clk 1:32:39]} 7. Bf4 {[%clk 1:33:12]} e5 {[%clk
1:33:05]} 8. Bg5 {[%clk 1:33:38]} a6 {[%clk 1:33:24]} 9. Na3 {[%clk 1:34:03]}
b5 {[%clk 1:33:48]} 10. Nd5 {[%clk 1:34:24]} Be7 {[%clk 1:33:31]} 11. Nxe7
{[%clk 1:34:48]} Nxe7 {[%clk 1:30:11]} 12. Bxf6 {[%clk 1:33:51]} gxf6 {[%clk
1:29:58]} 13. c4 {[%clk 1:34:00]} b4 {[%clk 1:27:45]} 14. Qa4+ {[%clk 1:34:06]}
Bd7 {[%clk 1:22:06]} 15. Qxb4 {[%clk 1:34:27]} Rb8 {[%clk 1:20:29]} 16. Qc3
{[%clk 1:31:34]} Nc6 {[%clk 1:16:42]} 17. Nc2 {[%clk 1:31:39]} Qb6 {[%clk
1:12:49]} 18. b3 {[%clk 1:29:14]} Be6 {[%clk 1:05:58]} 19. Be2 {[%clk 1:26:16]}
Ke7 {[%clk 1:03:09]} 20. O-O {[%clk 1:22:24]} Rhg8 {[%clk 1:00:39]} 21. Bf3
{[%clk 1:18:11]} a5 {[%clk 0:59:08]} 22. Rfd1 {[%clk 1:15:36]} Qc5 {[%clk
0:44:02]} 23. Rab1 {[%clk 1:07:37]} Rbd8 {[%clk 0:31:26]} 24. Re1 {[%clk
0:52:37]} Rg7 {[%clk 0:24:40]} 25. Qe3 {[%clk 0:51:54]} Nb4 {[%clk 0:24:44]}
26. Rb2 {[%clk 0:45:22]} f5 {[%clk 0:21:02]} 27. Qxc5 {[%clk 0:44:57]} dxc5
{[%clk 0:21:03]} 28. Nxb4 {[%clk 0:45:20]} axb4 {[%clk 0:20:15]} 29. exf5
{[%clk 0:45:41]} Bxf5 {[%clk 0:20:20]} 30. Rxe5+ {[%clk 0:45:52]} Kf6 {[%clk
0:19:48]} 31. Rxc5 {[%clk 0:45:28]} Rgg8 {[%clk 0:18:12]} 32. g3 {[%clk
0:44:46]} Rge8 {[%clk 0:16:20]} 33. Kg2 {[%clk 0:44:44]} Re1 {[%clk 0:16:01]}
34. Rd5 {[%clk 0:44:24]} Rde8 {[%clk 0:09:23]} 35. Rd4 {[%clk 0:39:27]} R8e5
{[%clk 0:06:58]} 36. g4 {[%clk 0:36:46]} Bg6 {[%clk 0:07:15]} 37. Rd6+ {[%clk
0:34:16]} Kg7 {[%clk 0:07:22]} 38. Rd5 {[%clk 0:34:28]} Re6 {[%clk 0:07:12]}
39. Rd1 {[%clk 0:32:43]} R1e5 {[%clk 0:07:11]} 40. Rbd2 {[%clk 0:31:42]} h5
{[%clk 0:07:19]} 41. gxh5 {[%clk 0:25:15]} Bxh5 {[%clk 0:03:36]} 42. Bxh5
{[%clk 0:24:39]} Rxh5 {[%clk 0:04:03]} 43. Rd5 {[%clk 0:24:25]} Rh4 {[%clk
0:04:14]} 44. R1d4 {[%clk 0:24:11]} Rg6+ {[%clk 0:04:29]} 45. Kh1 {[%clk
0:24:25]} Rh3 {[%clk 0:04:28]} 46. Rd3 {[%clk 0:24:44]} Rh4 {[%clk 0:04:29]}
1-0

[Event "DEM U14 2021"]
[Site "Willingen GER"]
[Date "2021.08.24"]
[Round "3"]
[White "Zhou, Lepu Coco"]
[Black "Krüger, Arthur"]
[Result "0-1"]
[Termination "normal"]
[Board "8"]
[WhiteElo "2009"]
[BlackElo "1643"]
[WhiteClock "00:00:39"]
[BlackClock "00:13:20"]
[PlyCount "68"]
[WhiteFideId "16217136"]
[BlackFideId "16244966"]
[EventCountry "GER"]
[EventRounds "9"]
[EventType "swiss"]
[EventDate "2021.08.22"]

1. e4 {[%clk 1:30:56]} e6 {[%clk 1:30:51]} 2. d4 {[%clk 1:31:18]} d5 {[%clk
1:31:17]} 3. Nc3 {[%clk 1:31:39]} Nf6 {[%clk 1:31:33]} 4. Bg5 {[%clk 1:32:01]}
dxe4 {[%clk 1:31:59]} 5. Nxe4 {[%clk 1:32:18]} Nbd7 {[%clk 1:32:25]} 6. Nf3
{[%clk 1:29:08]} Be7 {[%clk 1:32:49]} 7. Bxf6 {[%clk 1:29:10]} Nxf6 {[%clk
1:33:09]} 8. Nxf6+ {[%clk 1:27:45]} Bxf6 {[%clk 1:33:31]} 9. Qd2 {[%clk
1:26:54]} O-O {[%clk 1:31:52]} 10. Bd3 {[%clk 1:24:26]} c5 {[%clk 1:24:36]} 11.
c3 {[%clk 1:13:18]} b6 {[%clk 1:22:14]} 12. Be4 {[%clk 1:08:35]} Rb8 {[%clk
1:21:37]} 13. Qd3 {[%clk 1:01:32]} g6 {[%clk 1:20:57]} 14. O-O {[%clk 0:50:07]}
Qc7 {[%clk 1:13:30]} 15. Qc4 {[%clk 0:44:56]} Bb7 {[%clk 1:10:07]} 16. Nd2
{[%clk 0:41:27]} Qf4 {[%clk 1:02:27]} 17. Bxb7 {[%clk 0:39:47]} Qxd2 {[%clk
1:00:16]} 18. Bf3 {[%clk 0:30:17]} cxd4 {[%clk 0:56:50]} 19. Rfd1 {[%clk
0:28:43]} Qxb2 {[%clk 0:56:57]} 20. cxd4 {[%clk 0:28:30]} Rbc8 {[%clk 0:52:10]}
21. Qd3 {[%clk 0:17:25]} Rfd8 {[%clk 0:48:32]} 22. d5 {[%clk 0:08:15]} exd5
{[%clk 0:48:05]} 23. Rab1 {[%clk 0:06:50]} Qe5 {[%clk 0:45:45]} 24. Rb5 {[%clk
0:05:35]} Rc3 {[%clk 0:31:24]} 25. Qd2 {[%clk 0:05:49]} Rc5 {[%clk 0:30:53]}
26. Rxc5 {[%clk 0:05:26]} bxc5 {[%clk 0:31:15]} 27. Bxd5 {[%clk 0:04:43]} c4
{[%clk 0:28:17]} 28. f4 {[%clk 0:03:17]} Qf5 {[%clk 0:25:12]} 29. Qa5 {[%clk
0:02:23]} Rd7 {[%clk 0:22:24]} 30. Qc5 {[%clk 0:00:56]} c3 {[%clk 0:21:10]} 31.
Re1 {[%clk 0:01:19]} Rd8 {[%clk 0:18:39]} 32. g4 {[%clk 0:00:35]} Qxg4+ {[%clk
0:17:36]} 33. Kh1 {[%clk 0:00:39]} Qf5 {[%clk 0:14:19]} 34. Rd1 {[%clk
0:00:39]} Kg7 {[%clk 0:13:20]} 0-1

[Event "DEM U14 2021"]
[Site "Willingen GER"]
[Date "2021.08.24"]
[Round "3"]
[White "Metzdorf, Matteo"]
[Black "Klühs, Gustaf"]
[Result "1/2-1/2"]
[Termination "normal"]
[Board "9"]
[WhiteElo "1859"]
[BlackElo "1869"]
[WhiteClock "00:13:03"]
[BlackClock "01:04:01"]
[PlyCount "50"]
[WhiteFideId "16209869"]
[BlackFideId "16228936"]
[EventCountry "GER"]
[EventRounds "9"]
[EventType "swiss"]
[EventDate "2021.08.22"]

1. e4 {[%clk 1:30:59]} e6 {[%clk 1:30:54]} 2. d4 {[%clk 1:31:20]} d5 {[%clk
1:31:19]} 3. Nc3 {[%clk 1:31:46]} Nf6 {[%clk 1:31:45]} 4. e5 {[%clk 1:31:44]}
Nfd7 {[%clk 1:32:09]} 5. f4 {[%clk 1:32:06]} c5 {[%clk 1:32:35]} 6. Nf3 {[%clk
1:32:29]} Nc6 {[%clk 1:33:02]} 7. Be3 {[%clk 1:32:54]} Rb8 {[%clk 1:33:12]} 8.
Qd2 {[%clk 1:29:00]} Qa5 {[%clk 1:33:11]} 9. dxc5 {[%clk 1:06:18]} Bxc5 {[%clk
1:28:51]} 10. Bxc5 {[%clk 1:05:32]} Nxc5 {[%clk 1:28:45]} 11. Nd4 {[%clk
1:02:43]} O-O {[%clk 1:13:39]} 12. Be2 {[%clk 0:52:36]} Na4 {[%clk 1:10:38]}
13. Nxa4 {[%clk 0:48:15]} Qxd2+ {[%clk 1:09:47]} 14. Kxd2 {[%clk 0:48:44]} Nxd4
{[%clk 1:10:09]} 15. Nc3 {[%clk 0:39:28]} Nxe2 {[%clk 1:09:58]} 16. Nxe2 {[%clk
0:38:03]} f6 {[%clk 1:09:15]} 17. Rhf1 {[%clk 0:32:00]} Bd7 {[%clk 1:09:21]}
18. Nd4 {[%clk 0:31:24]} fxe5 {[%clk 1:06:30]} 19. fxe5 {[%clk 0:31:40]} Rbc8
{[%clk 1:06:49]} 20. Rf3 {[%clk 0:25:19]} Rxf3 {[%clk 1:04:00]} 21. Nxf3 {[%clk
0:19:36]} Rf8 {[%clk 1:04:21]} 22. Ke3 {[%clk 0:17:36]} h6 {[%clk 1:03:42]} 23.
h4 {[%clk 0:15:06]} Kf7 {[%clk 1:03:54]} 24. Rf1 {[%clk 0:13:59]} Ke7 {[%clk
1:04:14]} 25. Nd2 {[%clk 0:13:03]} Rc8 {[%clk 1:04:01]} 1/2-1/2